[Event "BCF-chT2 1011 (4NCL) North"]
[Site "England"]
[Date "2011.02.20"]
[Round "6"]
[White "Mort, Andrew J"]
[Black "Amos, Bob"]
[Result "1-0"]
[WhiteElo "1914"]
[BlackElo "1698"]
[PlyCount "93"]
[EventDate "2010.11.06"]
[EventType "team-swiss"]
[EventRounds "9"]
[EventCountry "ENG"]
[SourceTitle "EXT 2012"]
[Source "ChessBase"]
[SourceDate "2011.11.24"]
[SourceVersion "1"]
[SourceVersionDate "2011.11.24"]
[SourceQuality "1"]

1. c4 Nf6 2. g3 g6 3. Bg2 Bg7 4. Nf3 d6 5. 0-0 0-0 6. Nc3 e5 7. Rb1 Re8 8. d3 h6 9. Nd2 Nbd7 10. b4 a6 11. Qb3 Rb8 12. Ba3 b6 13. Qa4 Nf8 14. Rbc1 Ne6 15. e3 c5 16. bxc5 dxc5 17. Nd5 Nc7 18. e4 Ne6 19. Bb2 Nd7 20. Qd1 Nd4 21. Bxd4 cxd4 22. Nb3 Nc5 23. Nxc5 bxc5 24. Rb1 Rxb1 25. Qxb1 Qd6 26. Qb3 Bd7 27. Rb1 Ra8 28. Qb7 Rc8 29. Rb6 Rc6 30. Rxc6 Bxc6 31. Qxc6 Bf8 32. Qxd6 Bxd6 33. Bh3 a5 34. Kf1 Kg7 35. Ke2 Kf8 36. Bd7 Be7 37. f4 f6 38. Kd2 Bd8 39. Kc2 g5 40. f5 Kf7 41. Kb3 h5 42. Ka4 Kg7 43. Kb5 Kh6 44. Kxc5 g4 45. Kb5 Kg5 46. c5 h4 47. c6 1-0